Investičná politika životných poisťovní

Salvato in:
Dettagli Bibliografici
Autore principale: Sakálová, Katarína, 1955-
Natura: Capitolo di libro
Lingua:slovacco
Soggetti:
Tags: Aggiungi Tag
Nessun Tag, puoi essere il primo ad aggiungerne!!

MARC

LEADER 00000naa$a2200000$$$4500
001 0305443
005 20241205093941.0
041 0 |a slo 
044 |a SK 
245 1 0 |a Investičná politika životných poisťovní  |c Katarína Sakálová 
500 |a Abstrakt 
610 2 0 |a poistenie životné 
610 2 0 |a investovanie 
610 2 0 |a aktíva 
610 2 0 |a financie 
100 1 |a Sakálová, Katarína, 1955-